000 01161nam a2200229Ia 4500
001 L220-4217
003 IT-CnALBA
008 170116s9999||||xx |||||||||||||| ||und||
040 _aIT-CnALBA
_cIT-CnALBA
041 _aBILINGUE
100 _aDAVIDE, RE E PROFETA
245 0 _aSACRA SCRITTURA. TOMO XVII. I SALMI DI DAVIDDE GIUSTA LA VULGATA IN LINGUA LATINA E VOLGARE.
250 _a2a ed.
260 _a VENEZIA
_bBASEGIO LORENZO
_c1777 [1° Ed.: n.d.]
300 _a406 p. (prefazione: 532)
500 _aINDICE ANALITICO DEI SALMI DEL VECCHIO TESTAMENTO. TESTO E COMMENTO. SALMI I XL. LIBRI SAPIENZIALI. SPIEGAZIONE DEL SENSO LETTERALE E SPIRITUALE DEI SS. PADRI E AUTORI ECCLESIASTICI. CURATORE LE MAITRE DE SACY.
501 _aSocietà San Paolo EM - Piazza San Paolo, 14 - 12051 ALBA (CN) (non commercial uses only) ® Copyright 2017
520 _aINDICE ANALITICO DEI SALMI DEL VECCHIO TESTAMENTO. TESTO E COMMENTO. SALMI I XL. LIBRI SAPIENZIALI. SPIEGAZIONE DEL SENSO LETTERALE E SPIRITUALE DEI SS. PADRI E AUTORI ECCLESIASTICI. CURATORE LE MAITRE DE SACY.
650 _aBIBBIA - TESTI E COMMENTI
942 _cBK
957 _71
999 _a5195
_bSI
_g Copie: 1
_c263403
_d263403